Vivero La Carolina (Registro nro. 7171)

Detalles MARC
000 -CABECERA
Campo de control 00411nam a2200145 a 4500
090 ## - CLASIFICACIÓN LOCAL
Colección IAVH
Consecutivo 01009
041 ## - IDIOMA
Código de idioma para texto/pista de sonido o título separado Español
245 ## - MENCION DE TITULO
Título Vivero La Carolina
260 ## - PUBLICACION, DISTRIBUCION, ETC. (PIE DE IMPRENTA)
Lugar de publicación, distribución, etc. Bogotá
Nombre del editor, distribuidor, etc. IAVH
-- Fundación Pangea
-- GEF
-- Embajada Real de los Paises Bajos
-- Banco Mundial
Fecha de publicación, distribución, etc. s.f
300 ## - DESCRIPCION FISICA
Extensión 6 p.
650 ## - ASIENTO SECUNDARIO DE MATERIA - TERMINO TEMATICO
Término temático o nombre geográfico como elemento de entrada Viveros
650 ## - ASIENTO SECUNDARIO DE MATERIA - TERMINO TEMATICO
Término temático o nombre geográfico como elemento de entrada Especies ornamentales
650 ## - ASIENTO SECUNDARIO DE MATERIA - TERMINO TEMATICO
Término temático o nombre geográfico como elemento de entrada Especies medicinales
945 ## - PROCESAMIENTO LOCAL
AAAA-MM-DD - Fecha de ingreso o modificacion 2009-11-20

No hay ítems disponibles.